Statistieken voor Grootste landen zonder grenzen

Klik hier om de quiz te nemen!

Algemene statistieken

  • Deze quiz is 217 keer genomen
  • De gemiddelde score is 8 van 10

Antwoordstatistieken

Km2Land% Correct
7.692.024Australië
99%
270.467Nieuw-Zeeland
95%
377.930Japan
94%
103.000IJsland
89%
587.041Madagaskar
89%
109.884Cuba
83%
65.610Sri Lanka
76%
300.000Filipijnen
69%
36.193Taiwan
59%
28.896Salomonseilanden
26%

Scoreverdeling

Percentiel versus Aantal Correcte Antwoorden

Procent van Mensen met Elke Score

Uw Scoregeschiedenis

U heeft deze quiz nog niet genomen